Scottish Things - Statistics

General Stats
  • This quiz has been taken 83 times
  • The average score is 11 of 15
Answer Stats
Hint Answer % Correct
(Skirt) worn by Men Kilt
99%
Instrument Bagpipe
96%
Famous monster that lives in loch Nessie
88%
Food (runs about on hill) Haggis
87%
Scottish Flower Thistle
85%
Scottish Alcoholic Drink Whiskey
79%
National Animal Unicorn
77%
Sport Created in Scotland Golf
75%
Sweet Biscuit Shortbread
75%
Hair Colour Ginger
73%
Famous Poet Robert Burns
71%
Fought for Independence William Wallace
57%
Movie based on book written by scottish author Irvine Welsh Trainspotting
52%
Scottish Insects That Ruin Summer Midges
45%
Common Name (male) Hamish
15%
No matching quizzes found
Score Distribution
Percent of People with Each Score
Percentile by Number Answered
Your Score History
You have not taken this quiz